00329nam a2200121Ia 4500008004100000041000800041082001200049100001400061245004500075260004400120300003200164365001100196240624s9999 xx 000 0 und d aeng a340 VER aVERMA S K aINTRODUCTION TO PUBLIC INTERNATIONAL LAW c1998aNew DelhibPrentice-Hall of India axiii, : 474 : p. : cm. ; 23 cRSb40